[Event "Stuttgart-chB int"]
[Site "Ditzingen"]
[Date "2014.05.31"]
[Round "6"]
[White "Schwarz, Manuel"]
[Black "Rieder, Josef"]
[Result "0-1"]
[WhiteElo "1537"]
[BlackElo "1803"]
[PlyCount "104"]
[EventDate "2014.05.29"]
[EventType "swiss"]
[EventRounds "7"]
[EventCountry "GER"]
[SourceTitle "EXT 2015"]
[Source "ChessBase"]
[SourceDate "2014.11.20"]
[SourceVersion "1"]
[SourceVersionDate "2014.11.20"]
[SourceQuality "1"]

1. Nf3 c5 2. c4 g6 3. Nc3 Bg7 4. g3 Nf6 5. Bg2 Nc6 6. 0-0 0-0 7. b3 d5 8. cxd5 Nxd5 9. Bb2 Bf5 10. Qc1 Nxc3 11. Bxc3 Nd4 12. Bxd4 cxd4 13. d3 Qd7 14. Qa3 b6 15. Nh4 Rac8 16. Nxf5 gxf5 17. f4 Rc2 18. Bf3 Rfc8 19. Rac1 a5 20. Rxc2 Rxc2 21. Rc1 Rc3 22. Rf1 Bf8 23. Qb2 Qc7 24. Kg2 e6 25. a3 Qc5 26. b4 axb4 27. axb4 Qxb4 28. Qxb4 Bxb4 29. Rb1 Bc5 30. Kh3 Ra3 31. Kh4 Kg7 32. Kh3 f6 33. g4 fxg4+ 34. Bxg4 f5 35. Bf3 Kf6 36. Kg2 Ra7 37. Bc6 Rc7 38. Ba4 Rg7+ 39. Kf3 Rg4 40. h3 Rh4 41. Kg3 Rh6 42. Bc6 e5 43. fxe5+ Kxe5 44. Be8 Re6 45. Bd7 Re7 46. Bc8 Kf6 47. Rf1 Bd6+ 48. Kh4 f4 49. Bg4 b5 50. Rb1 b4 51. Bf3 Rg7 52. Rb2 Kg6 0-1

[Event "Stuttgart-chB int"]
[Site "Ditzingen"]
[Date "2014.05.30"]
[Round "5"]
[White "Mayer, Dietmar"]
[Black "Schwarz, Manuel"]
[Result "0-1"]
[WhiteElo "1758"]
[BlackElo "1537"]
[PlyCount "58"]
[EventDate "2014.05.29"]
[EventType "swiss"]
[EventRounds "7"]
[EventCountry "GER"]
[SourceTitle "EXT 2015"]
[Source "ChessBase"]
[SourceDate "2014.11.20"]
[SourceVersion "1"]
[SourceVersionDate "2014.11.20"]
[SourceQuality "1"]

1. d4 Nf6 2. Nf3 e6 3. Bf4 b6 4. e3 Bb7 5. Nbd2 Nc6 6. a3 Bd6 7. Ne5 0-0 8. Bd3 Nd5 9. Bg3 f5 10. e4 fxe4 11. Nxe4 Nxd4 12. Nxd6 cxd6 13. Nc4 Nf5 14. Nxd6 Nxd6 15. Bxd6 Rf7 16. 0-0 Nf4 17. f3 Qf6 18. Be4 Bc6 19. Qd2 e5 20. Rae1 Re8 21. Bb4 d5 22. Bd3 a5 23. Bc3 d4 24. Bxa5 bxa5 25. Qxa5 Qg5 26. g3 Nxd3 27. cxd3 Bxf3 28. Rxe5 Qxe5 29. Qa4 Qe3+ 0-1

[Event "Stuttgart-chB int"]
[Site "Ditzingen"]
[Date "2014.05.30"]
[Round "4"]
[White "Schwarz, Manuel"]
[Black "Triantafillidis, Zoe"]
[Result "1/2-1/2"]
[WhiteElo "1537"]
[BlackElo "1721"]
[PlyCount "88"]
[EventDate "2014.05.29"]
[EventType "swiss"]
[EventRounds "7"]
[EventCountry "GER"]
[SourceTitle "EXT 2015"]
[Source "ChessBase"]
[SourceDate "2014.11.20"]
[SourceVersion "1"]
[SourceVersionDate "2014.11.20"]
[SourceQuality "1"]

1. Nf3 Nc6 2. d4 d5 3. c4 Nf6 4. b3 Bf5 5. Bb2 e6 6. Nh4 Bxb1 7. Qxb1 Bb4+ 8. Kd1 Ne4 9. Nf3 Nxf2+ 10. Kc2 Nxh1 11. a3 Nf2 12. axb4 Nxb4+ 13. Kc1 Qf6 14. Kd2 Ne4+ 15. Ke1 0-0 16. Qc1 Rfc8 17. Ra4 Nc6 18. e3 Ne7 19. Bd3 Qh6 20. h3 Nf5 21. Ke2 c5 22. Qg1 Neg3+ 23. Kd2 cxd4 24. Nxd4 Nxe3 25. Qxe3 Qxe3+ 26. Kxe3 e5 27. Nb5 d4+ 28. Kf3 Nh5 29. Be4 Rab8 30. Rxa7 Rd8 31. Bc1 Rd7 32. c5 Nf6 33. b4 Kf8 34. Bd2 h6 35. Nd6 Nxe4 36. Nxe4 Ke7 37. g4 f6 38. h4 Ke6 39. Ra1 g5 40. hxg5 hxg5 41. Kg2 Rg7 42. Ng3 Rh7 43. Kf3 Rbh8 44. b5 Rh2 1/2-1/2